000 01237cam a2200241 4500
001 ABS66887
008 030801n2003 000 0 eng u
035 _a(Sirsi) u123173
100 _aKirsh, H.
245 _a'Pass-through' construction claims in Canada
260 _c2003
490 _aInternational Construction Law Review
_v20(3) July 2003, 377-380(4)
520 _aA 'pass-through' claim can be defined as a claim by a party who has suffered damages against a responsible party with whom he has no contract and which is presented through an intervening party who has a contractual relationship with both. The contractor and sub-contractor can join together to mount a joint claim when projects are delayed or accelerated. Considers the claim for damages, the allocation of causation and responsibility as well as defences and limitations. These claims are cost efficient as a subcontractor need not bring his own action.
590 _aABS
650 _aCANADA
650 _aDELAY
650 _aACCELERATION
650 _aPASS THROUGH CLAIMS
650 _aBUILT ENVIRONMENT-BUILDING CONTRACT FORMS
650 _aTHOMAS FULLER CONSTRUCTION CO (1958) LTD V CANADA
690 _aDispute resolution
_96236
942 _n0
999 _c73149
_d73149